Central Library OPAC University of Rajshahi

Effects of Anisopteromalus Calandrae (How.) (Hemiptera : Anthocoridae) and Gamma Irradiation on Callosobruchus Chinensis (L.) / (Record no. 83906)

MARC details
000 -LEADER
fixed length control field 01056nam a2200253 a 4500
001 - CONTROL NUMBER
RUCL Control Number 83906
003 - CONTROL NUMBER IDENTIFIER
rucl marc code BD-RjUL
005 - DATE AND TIME OF LATEST TRANSACTION
control field 20240605104314.0
008 - FIXED-LENGTH DATA ELEMENTS--GENERAL INFORMATION
fixed length control field 240605s2005 bg a|||| m||| 00| 0 eng d
035 ## - SYSTEM CONTROL NUMBER
system control number (BD-RjUL)83906
040 ## - CATALOGING SOURCE
Original cataloging agency BD-RjUL
Language of cataloging eng
Transcribing agency BD-RjUL
Modifying agency BD-RjUL
041 ## - LANGUAGE CODE
Language code of Book eng
082 ## - DEWEY DECIMAL CLASSIFICATION NUMBER
DDC Edition number 23
Classification number 632.96
Author mark and Year SAE 2005
100 ## - MAIN ENTRY--PERSONAL NAME
Personal name Saha, Birendro Nath
9 (RLIN) 13214
245 10 - TITLE STATEMENT
Title Effects of Anisopteromalus Calandrae (How.) (Hemiptera : Anthocoridae) and Gamma Irradiation on Callosobruchus Chinensis (L.) /
Statement of responsibility, etc By Birendro Nath Saha ;
Name of Supervisor/Co-Supervisor Supervisor : Md. Ataur Rahman Khan, Supervisor : Md. Wahedul Islam
260 ## - PUBLICATION, DISTRIBUTION, ETC. (IMPRINT)
Place of publication, distribution, etc Rajshahi :
Name of publisher, distributor, etc Institute of Biological Sciences, University of Rajshahi,
Date of publication, distribution, etc 2005
300 ## - PHYSICAL DESCRIPTION
Pagination viii, 354 Leaves :
Other physical details ill, ;
Dimensions 29 cm.
502 ## - DISSERTATION NOTE
Dissertation note Thesis (Ph. D.) -- Institute of Biological Sciences, University of Rajshahi, 2005
504 ## - BIBLIOGRAPHY, ETC. NOTE
Bibliography, etc Literature Cited : Leaves [240]-287
650 ## - SUBJECT ADDED ENTRY--TOPICAL TERM
Topical term or geographic name as entry element Biological Control
700 ## - ADDED ENTRY--SUPERVISOR/CO-SUPERVISOR NAME
Personal name Khan, Md. Ataur Rahman, Supervisor
9 (RLIN) 5714
Personal name Islam, Md. Wahedul, Supervisor
9 (RLIN) 3105
942 ## - ADDED ENTRY ELEMENTS (KOHA)
Source of classification or shelving scheme Dewey Decimal Classification
Koha item type Theses
Holdings
Source of classification or shelving scheme Damaged status Not for loan Collection code Permanent Location Current Location Shelving location Date of accession Source of acquisition Total Checkouts Full call number Barcode Date last seen Copy number Thesis
Dewey Decimal Classification   Not For Loan Theses Central Library, University of Rajshahi Central Library, University of Rajshahi Documentation Section 07/02/2007 Controller of Exam. R. U.   THE 632.96 SAE 2005 D2573 05/06/2024 C-I Theses